Wordt geladen...
Che guvara reader
| Hoofdauteur: | |
|---|---|
| Formaat: | Printed Book |
| Gepubliceerd in: |
TVM
Chintha
2013
|
| LEADER | 00384nam a22001217a 4500 | ||
|---|---|---|---|
| 020 | |a 9382808884 | ||
| 100 | |a Deutschmann, David | ||
| 245 | |a Che guvara reader | ||
| 260 | |a TVM |b Chintha |c 2013 | ||
| 300 | |a 296p | ||
| 942 | |c BK | ||
| 999 | |c 291299 |d 291299 | ||
| 952 | |0 0 |1 0 |4 0 |6 335_000000000000000_4347DEU_C |7 0 |9 331572 |a HIS |b HIS |c ST1 |d 2018-02-08 |i 25923 |l 0 |o 335.4347DEU/C |p HIS25923 |r 2018-08-23 |w 2018-08-23 |y BK | ||